01422nam a2200349 a 4500001001200000003000800012006001900020007001500039008004100054010001700095020003600112020003500148040002100183035002100204050002600225082001200251245014100263260005000404300001700454504005300471533015200524650006000676650004700736650004200783655002900825700002100854700001700875700002000892710001700912856012600929999001701055ebr10017323CaPaEBRm u cr cn|||||||||980928s1998 enk sb 001 0 eng d z 99160750  z0750708468 (cased : alk. paper) z075070845X (pbk. : alk. paper) aCaPaEBRcCaPaEBR a(OCoLC)23216130714aLB1725.G6bP75 1998eb04a37222100aPrimary teacher educationh[electronic resource] :bhigh status? high standards? /cedited by Colin Richards, Neil Simco, Sam Twiselton. aLondon :bBristol, PA :bFalmer Press,c1998. aviii, 232 p. aIncludes bibliographical references and indexes. aElectronic reproduction.bPalo Alto, Calif. :cebrary,d2013.nAvailable via World Wide Web.nAccess may be limited to ebrary affiliated libraries. 0aElementary school teachersxTraining ofzGreat Britain. 0aElementary school teachingzGreat Britain. 0aEducation, ElementaryzGreat Britain. 7aElectronic books.2local1 aRichards, Colin.1 aSimco, Neil.1 aTwiselton, Sam.2 aebrary, Inc.40uhttp://site.ebrary.com/lib/rucke/Doc?id=10017323zAn electronic book accessible through the World Wide Web; click to view c29893d29893